Loading...
| Current Events | 1 | 10.00 | 100% | 0% | 0% |
| Fine Arts - Classical Music | 5 | 12.00 | 100% | 20% | 0% |
| Fine Arts - Other Fine Arts | 2 | 15.00 | 100% | 50% | 0% |
| History - American History | 5 | 18.00 | 100% | 40% | 40% |
| History - European History | 4 | 17.50 | 100% | 75% | 0% |
| History - Other History | 3 | 23.33 | 100% | 67% | 67% |
| History - World History | 5 | 20.00 | 100% | 80% | 20% |
| Literature - American Literature | 3 | 13.33 | 100% | 0% | 33% |
| Literature - British Literature | 2 | 5.00 | 50% | 0% | 0% |
| Literature - European Literature | 4 | 10.00 | 75% | 25% | 0% |
| Literature - World Literature | 6 | 11.67 | 83% | 17% | 17% |
| Mythology | 6 | 13.33 | 83% | 33% | 17% |
| Painting/Sculpture | 3 | 10.00 | 100% | 0% | 0% |
| Philosophy | 3 | 10.00 | 100% | 0% | 0% |
| Pop Culture | 2 | 15.00 | 100% | 50% | 0% |
| Religion | 2 | 15.00 | 100% | 50% | 0% |
| Science - Biology | 1 | 10.00 | 100% | 0% | 0% |
| Science - Chemistry | 4 | 5.00 | 50% | 0% | 0% |
| Science - Other Science | 4 | 7.50 | 50% | 25% | 0% |
| Science - Physics | 5 | 8.00 | 60% | 20% | 0% |
| Social Science | 2 | 15.00 | 100% | 50% | 0% |